Statistics for F1 Titles 2000-2020

Click here to take the quiz!

General Stats

  • This quiz has been taken 150 times
    (126 since last reset)
  • The average score is 20 of 21

Answer Stats

YearTeamChampion% Correct
2000FerrariMichael Schumacher
99%
2015MercedesLewis Hamilton
98%
2014MercedesLewis Hamilton
98%
2001FerrariMichael Schumacher
98%
2002FerrariMichael Schumacher
98%
2003FerrariMichael Schumacher
98%
2004FerrariMichael Schumacher
98%
2019MercedesLewis Hamilton
97%
2018MercedesLewis Hamilton
97%
2017MercedesLewis Hamilton
97%
2020MercedesLewis Hamilton
97%
2011Red BullSebastian Vettel
96%
2012Red BullSebastian Vettel
96%
2013Red BullSebastian Vettel
96%
2010Red BullSebastian Vettel
96%
2016MercedesNico Rosberg
94%
2006RenaultFernando Alonso
92%
2005RenaultFernando Alonso
92%
2008MclarenLewis Hamilton
92%
2009Brawn GPJenson Button
90%
2007FerrariKimi Raikkonen
89%

Score Distribution

Percentile by Number Answered

Percent of People with Each Score

Your Score History

You have not taken this quiz since the last reset